000 00639nam a22002657a 4500
003 UA-OsUOA
001 27225
007 ta
008 20040621b un ||||| |||| 00| 0 ukr d
100 _aСоколов А.В.
090 _a659.4(075.8)
_bС59
942 _cBK
040 _aUA-OsUOA
_brus
_cUA-OsUOA
_dUA-OsUOA
245 _aСоциальные коммуникации
_b1
300 _a224 с.
955 _a0
041 _arus
080 _a659.4(075.8)
020 _a5-88283-046-Х
260 _aМосква
_bИПО Профиздат
_c2001
246 3 1 _aЧ.
_n
044 _aRU
650 7 _2UDC
999 _c313568
_d313568